Political polarization as a social movement outcomes: 1960s Klan activism and its enduring impact on political realignment in southern counties, 1960 to 2000 (Record no. 107219)

000 -LEADER
fixed length control field 00580pab a2200181 454500
008 - FIXED-LENGTH DATA ELEMENTS--GENERAL INFORMATION
fixed length control field 180718b2014 xxu||||| |||| 00| 0 eng d
100 ## - MAIN ENTRY--PERSONAL NAME
Personal name McVeigh, Rory
245 ## - TITLE STATEMENT
Title Political polarization as a social movement outcomes: 1960s Klan activism and its enduring impact on political realignment in southern counties, 1960 to 2000
260 ## - PUBLICATION, DISTRIBUTION, ETC.
Date of publication, distribution, etc. 2014
300 ## - PHYSICAL DESCRIPTION
Extent p.1144-1171.
362 ## - DATES OF PUBLICATION AND/OR SEQUENTIAL DESIGNATION
Dates of publication and/or sequential designation Dec
650 ## - SUBJECT ADDED ENTRY--TOPICAL TERM
Topical term or geographic name entry element Ethnic group
650 ## - SUBJECT ADDED ENTRY--TOPICAL TERM
Topical term or geographic name entry element Social movements
700 ## - ADDED ENTRY--PERSONAL NAME
Personal name Farrell, Justin
700 ## - ADDED ENTRY--PERSONAL NAME
Personal name Cunningham, David
773 ## - HOST ITEM ENTRY
Main entry heading American Sociological Review
909 ## -
-- 107224
Holdings
Withdrawn status Lost status Damaged status Not for loan Permanent Location Current Location Date acquired Serial Enumeration / chronology Barcode Date last seen Price effective from Koha item type
        Indian Institute of Public Administration Indian Institute of Public Administration 2018-07-19 Volume no: 79, Issue no: 6 AR107684 2018-07-19 2018-07-19 Articles

Powered by Koha